Noem de grootste Duitse eilanden in Waddenzee, Noordzee en Oostzee - Statistieken

Algemene statistieken
  • Deze quiz is 10 keer genomen
  • De gemiddelde score is 7 van 19
Antwoordstatistieken
Hint Antwoord % Correct
Sylt
100%
Waddenzee/Noordzee Borkum
80%
Juist
60%
Langeoog
60%
Norderney
60%
Rügen
60%
Usedom
60%
Baltrum
40%
Spiekeroog
40%
Wangerooge
40%
Amrum
20%
Oostzee Fehmarn
20%
Föhr
20%
Helgoland
20%
Poel
20%
Hiddensee
0%
Nordstrand
0%
Pellworm
0%
Ummanz
0%
Geen overeenkomende quizzen gevonden
Scoreverdeling
Procent van Mensen met Elke Score
Percentiel versus Aantal Correcte Antwoorden
Uw Scoregeschiedenis
U heeft deze quiz nog niet genomen